Pays les plus proches de l'Antarctique - Statistiques

Statistiques générales
  • Ce quiz a été pris 158 fois
  • Le résultat moyen est 16 sur 20
Statistiques - réponses
km pays % Correct
3856 Afrique du Sud
97%
2518 Australie
97%
1023 Argentine
96%
1005 Chili
96%
2484 Nouvelle-Zélande
95%
3292 Brésil
88%
3151 Uruguay
87%
4236 Lesotho
85%
4513 Madagascar
85%
4513 Namibie
82%
3978 Paraguay
82%
5094 Pérou
82%
4597 Eswatini
77%
4646 Mozambique
77%
4523 Bolivie
76%
4714 Botswana
75%
5070 Zimbabwe
71%
5052 Île Maurice
59%
5438 Vanuatu
41%
5576 Malawi
37%
Aucun quiz correspondant
Distribution des résultats
% des personnes avec chaque résultat
Percentile par nombre de réponses
Votre historique - résultats
Vous n’avez pas pris ce quiz